| 000 | 00000nam##2200000za#4500 |
| 001 | 9.635653 |
| 003 | CaOODSP |
| 005 | 20210624220346 |
| 007 | cr ||||||||||| |
| 008 | 150407|2008||||xxc|||||o f|0| 0 fre|d |
| 020 | |a978-0-662-04617-2 |
| 040 | |aCaOODSP|bfre |
| 043 | |an-cn--- |
| 086 | 1 |aHS24-47/2008F-PDF |
| 110 | 1 |aCanada.|bRessources humaines et Développement des compétences Canada. |bProgramme du travail. |
| 245 | 13|aLe travail sans racisme, c'est gagnant |h[ressource électronique] |
| 260 | |aOttawa - Ontario : |bRessources humaines et Développement des compétences Canada. |c[2008]. |
| 300 | |a1p. |
| 500 | |aLe n° de catalogue (HS24-47/2008) et l'ISBN (978-0-662-05903-5) de l'édition imprimée bilingue ont été incorrectement copiés dans l'édition électronique. |
| 590 | |a13-16-Supp|b2013-07-12 |
| 691 | 07|aDiscrimination raciale|2gcpds |
| 775 | 08|tRacism-free works |w(CaOODSP)9.691322 |
| 776 | 0#|tRacism-free works |w(CaOODSP)9.670369 |
| 776 | 0#|tLe travail sans racisme, c'est gagnant |w(CaOODSP)9.670370 |
| 856 | 40|ahttp://publications.gc.ca|qPDF|s286 Ko|uhttps://publications.gc.ca/collections/collection_2013/rhdcc-hrsdc/HS24-47-2008-fra.pdf |